<?xml version="1.0" encoding="UTF-8"?><?xml-stylesheet type="text/xsl" href="static/style.xsl"?><OAI-PMH xmlns="http://www.openarchives.org/OAI/2.0/" xmlns:xsi="http://www.w3.org/2001/XMLSchema-instance" xsi:schemaLocation="http://www.openarchives.org/OAI/2.0/ http://www.openarchives.org/OAI/2.0/OAI-PMH.xsd"><responseDate>2026-04-27T22:00:29Z</responseDate><request verb="GetRecord" identifier="oai:uvadoc.uva.es:10324/46708" metadataPrefix="marc">https://uvadoc.uva.es/oai/request</request><GetRecord><record><header><identifier>oai:uvadoc.uva.es:10324/46708</identifier><datestamp>2021-07-06T08:20:31Z</datestamp><setSpec>com_10324_29292</setSpec><setSpec>com_10324_29291</setSpec><setSpec>col_10324_29293</setSpec></header><metadata><record xmlns="http://www.loc.gov/MARC21/slim" xmlns:doc="http://www.lyncode.com/xoai" xmlns:xsi="http://www.w3.org/2001/XMLSchema-instance" xmlns:dcterms="http://purl.org/dc/terms/" xsi:schemaLocation="http://www.loc.gov/MARC21/slim http://www.loc.gov/standards/marcxml/schema/MARC21slim.xsd">
<leader>00925njm 22002777a 4500</leader>
<datafield tag="042" ind1=" " ind2=" ">
<subfield code="a">dc</subfield>
</datafield>
<datafield tag="720" ind1=" " ind2=" ">
<subfield code="a">Rivas Sanz, Juan Luis de las</subfield>
<subfield code="e">author</subfield>
</datafield>
<datafield tag="720" ind1=" " ind2=" ">
<subfield code="a">Castrillo Romón, María de los Ángeles</subfield>
<subfield code="e">author</subfield>
</datafield>
<datafield tag="720" ind1=" " ind2=" ">
<subfield code="a">González Aragón Castellanos, Jorge</subfield>
<subfield code="e">author</subfield>
</datafield>
<datafield tag="260" ind1=" " ind2=" ">
<subfield code="c">2006</subfield>
</datafield>
<datafield tag="520" ind1=" " ind2=" ">
<subfield code="a">Dos grupos de investigación reúnen algunos resultados de su trabajo científico en este libro: de un lado, el Departamento de Teoría y Análisis (DTA) de la división de Ciencias y Artes para el Disño de la Universidad Autónoma Metropolitana – Unidad Xochimilco (México); y del otro, el grupo de investigación “Planificación territorial y urbanística” del Instituto Universitario de Urbanística (IUU) de la Universidad de Valladolid (España). Ambos equipos trabajan dentro de un marco disciplinar común: el de la planificación física, si bien los temas, escalas y enfoques varían, tanto de un grupo a otro como de unas líneas de investigación a otras, aun dentro de un mismo equipo.La publicación que aquí se presenta pretende abarcar esa diversidad y servir a la presentación de estos grupos y a la difusión de sus investigaciones en el ámbito científico iberoamericano, además de constituirse en una primera aportación a la construcción de cauces de colaboración furuta entre ambas entidades.&#xd;
Es más, la estructura de la obra pretende ser un reflejo simbólico de este deseo de desarrollar proyectos conjuntos. Los textos no se han ordenado por grupos de investigación sino que se ha seguido un criterio relativo al alcance del objeto de estudio, obviando la filiación institutcional de los autores y, en cierta medida, subrayando la afinidad temática de sus trabajos.</subfield>
</datafield>
<datafield tag="024" ind2=" " ind1="8">
<subfield code="a">Planificación territorial y urbana : investigaciones recientes en México y España. Coordinadores Maria A. Castrillo Romón, Jorge González-Aragón Castellanos ; autores Juan Luis de las Rivas Sanz ... [et al.] Valladolid [etc]: Universidad de Valladolid, Secretariado de Publicaciones e Intercambio Editorial [etc], [2006]</subfield>
</datafield>
<datafield tag="024" ind2=" " ind1="8">
<subfield code="a">9788484483694</subfield>
</datafield>
<datafield tag="024" ind2=" " ind1="8">
<subfield code="a">https://uvadoc.uva.es/handle/10324/46708</subfield>
</datafield>
<datafield ind1=" " ind2=" " tag="653">
<subfield code="a">México - Planes de urbanismo</subfield>
</datafield>
<datafield ind1=" " ind2=" " tag="653">
<subfield code="a">España - Planes de urbanismo</subfield>
</datafield>
<datafield tag="245" ind1="0" ind2="0">
<subfield code="a">Planificación territorial y urbana. Investigaciones recientes en México y España</subfield>
</datafield>
</record></metadata></record></GetRecord></OAI-PMH>